| 000 | 00779cam a2200229 4500 | ||
|---|---|---|---|
| 001 | D16211 | ||
| 008 | 090401t1977 xxu||||| |||| 00| 0 eng d | ||
| 035 | _a(Sirsi) u27928 | ||
| 041 | _aeng | ||
| 050 | _a333.339 | ||
| 090 | _aRICS 1977/5ABD | ||
| 110 |
_aRoyal Institution of Chartered Surveyors _bNorth Staffordshire Branch _91412 |
||
| 245 | _aSome aspects of mineral valuations for statutory purposes, [Paper] to be read to the Minerals Division, North Staffs branch of the RICS, at Stoke on Trent, on 1st March 1977 | ||
| 260 | _c1977 | ||
| 300 | _ai. 18. 1p. list of references | ||
| 350 | _a0 | ||
| 520 | _aUnpublished paper; Filed in Archives box 1977/5ABD | ||
| 650 | _aMINERAL VALUATION | ||
| 710 | _aMinerals Division | ||
| 942 | _n0 | ||
| 948 | _c04/03/1997 | ||
| 999 |
_c89181 _d89181 |
||